000 02072nam a2200397 c 4500
003 BLK
005 20240201165839.0
008 180411b bul|||||r ||||||| ||bul||
010 _aKNG00176696000
020 _a978-954-9484-34-2
_bиздат.: Морски свят
040 _aBLK
041 _aBUL
_cBUL
072 7 _2bullib
_aН35
_xОбществено управление. Военни науки Н
080 _aВоенноморски флот - Персонал и организация. Служби. Части, принадлежащи към военно-морския флот - морска пехота, морскаартилерия и въздушни сили;технически служби в морския флот;санитарна служба
_b359
_x(497.2)(091)
_z359(497.2)(091)
100 1 _aДаскалов, Петър Димов
_eпърви автор
_9337957
700 1 _aПанайотов, Атанас Георгиев
_eнауч. ред.
_9368353
139 _aДаскалов, Петър Димов
_bД 24
245 1 0 _aЗаписки от архивите на Българския военноморски флот 1944 - 1959 г.
_cПетър Димов Даскалов; науч. ред. Атанас Георгиев Панайотов.
257 _aBGR
260 Варна
_bМорски свят
_c2014
_fВарна : Техноинженеринг ABC
300 _a200 с.
_bс табл, ил., факс.
_c23 см
380 _a3
500 _aБел. и библиогр. с. 186-199.
650 4 _aВоенноморски флот - България - история
_9249722
651 4 _aБългария
_9241624
653 _aвоенноморски сили
653 _aистория
653 _aфлотилия
659 _aН
852 _aЦб 274701
856 4 _qpdf
_u
856 4 _qpdf
_u
942 _cKNG
_n0
_01
944 _aCR
_c16.06.2015
_lЦветомила Тодорова
_k30576
944 _aED
_c17.11.2015
_lф /
_kЛюдмила_Стоянова
999 _c168762
_d168762